Britain and the politics of modernization in the Middle East, 1945-1958 / (Record no. 20824)
[ view plain ]
| 000 -LEADER | |
|---|---|
| fixed length control field | 00911cam a22002535a 4500 |
| 001 - CONTROL NUMBER | |
| control field | 006923408 |
| 005 - DATE AND TIME OF LATEST TRANSACTION | |
| control field | 20150916111520.0 |
| 008 - FIXED-LENGTH DATA ELEMENTS--GENERAL INFORMATION | |
| fixed length control field | 020325s2002 enka frb f001 0 eng d |
| 020 ## - INTERNATIONAL STANDARD BOOK NUMBER | |
| International Standard Book Number | 0521894395 (pbk) |
| 020 ## - INTERNATIONAL STANDARD BOOK NUMBER | |
| International Standard Book Number | 9780521894395 |
| 040 ## - CATALOGING SOURCE | |
| Original cataloging agency | StDuBDS |
| Modifying agency | Uk |
| -- | EG-ScBUE |
| Language of cataloging | eng |
| 082 04 - DEWEY DECIMAL CLASSIFICATION NUMBER | |
| Classification number | 338.9141056 |
| Edition number | 22 |
| Item number | KIN |
| 100 1# - MAIN ENTRY--PERSONAL NAME | |
| Personal name | Kingston, Paul W. T. |
| 9 (RLIN) | 38420 |
| 245 10 - TITLE STATEMENT | |
| Title | Britain and the politics of modernization in the Middle East, 1945-1958 / |
| Statement of responsibility, etc | Paul W. T. Kingston. |
| 260 ## - PUBLICATION, DISTRIBUTION, ETC. (IMPRINT) | |
| Place of publication, distribution, etc | Cambridge : |
| Name of publisher, distributor, etc | Cambridge University Press, |
| Date of publication, distribution, etc | 2002. |
| 300 ## - PHYSICAL DESCRIPTION | |
| Extent | xi, 191 p. : |
| Other physical details | ill. ; |
| Dimensions | 23 cm. |
| 490 0# - SERIES STATEMENT | |
| Series statement | Cambridge Middle East studies ; |
| Volume number/sequential designation | 4. |
| 500 ## - GENERAL NOTE | |
| General note | Index : p. 189-191. |
| 504 ## - BIBLIOGRAPHY, ETC. NOTE | |
| Bibliography, etc | Bibliography : p. [184]-188. |
| 650 #0 - SUBJECT ADDED ENTRY--TOPICAL TERM | |
| Topical term or geographic name as entry element | Economic assistance, British |
| Geographic subdivision | Middle East |
| General subdivision | History |
| Chronological subdivision | 20th century. |
| Source of heading or term | BUEsh |
| 651 #0 - SUBJECT ADDED ENTRY--GEOGRAPHIC NAME | |
| Geographic name | Middle East |
| General subdivision | Economic conditions |
| Chronological subdivision | 1945-. |
| Source of heading or term | BUEsh |
| 653 ## - INDEX TERM--UNCONTROLLED | |
| Resource For college | BAEPS, Political Science |
| Arrived date list | September2015 |
| 942 ## - ADDED ENTRY ELEMENTS (KOHA) | |
| Source of classification or shelving scheme | Dewey Decimal Classification |
| Withdrawn status | Lost status | Source of classification or shelving scheme | Damaged status | Not for loan | Koha collection | Home library | Current library | Shelving location | Date acquired | Source of acquisition | Cost, normal purchase price | Serial Enumeration / chronology | Total Checkouts | Full call number | Barcode | Date last seen | Cost, replacement price | Koha item type |
|---|---|---|---|---|---|---|---|---|---|---|---|---|---|---|---|---|---|---|
| Dewey Decimal Classification | Baccah | Central Library | Central Library | First floor | 01/09/2015 | Purchase | 268.00 | 23317 | 338.9141056 KIN | 000039551 | 15/07/2025 | 335.00 | Book - Borrowing |